The religion of love / (Record no. 135437)

MARC details
000 -LEADER
fixed length control field 00615nam a22002177a 4500
005 - DATE AND TIME OF LATEST TRANSACTION
control field 20170124110245.0
010 ## - LIBRARY OF CONGRESS CONTROL NUMBER
LC control number 612404
020 ## - INTERNATIONAL STANDARD BOOK NUMBER
Terms of availability 00.00
035 ## - SYSTEM CONTROL NUMBER
System control number 612404
037 ## - SOURCE OF ACQUISITION
Source of stock number/acquisition Cen Lib/Ret
040 ## - CATALOGING SOURCE
Original cataloging agency DPL
Language of cataloging EN
082 ## - DEWEY DECIMAL CLASSIFICATION NUMBER
Classification number 230.34
Item number KAN
100 ## - MAIN ENTRY--PERSONAL NAME
Personal name Kanwar Lal
9 (RLIN) 97049
245 ## - TITLE STATEMENT
Title The religion of love /
Statement of responsibility, etc by Kanwar Lal
260 ## - PUBLICATION, DISTRIBUTION, ETC. (IMPRINT)
Place of publication, distribution, etc Delhi
Name of publisher, distributor, etc Arts & Letters
Date of publication, distribution, etc 1971
270 ## - ADDRESS
City Delhi
Address 57, Darya Ganj
Postal code 110006
300 ## - PHYSICAL DESCRIPTION
Extent vi,102p. :
Dimensions 28cm(Hb)
Other physical details col.ill.
650 ## - SUBJECT ADDED ENTRY--TOPICAL TERM
Topical term or geographic name as entry element Krishna (Hindu deity) -- Cult
9 (RLIN) 97050
650 ## - SUBJECT ADDED ENTRY--TOPICAL TERM
Topical term or geographic name as entry element Rādhā (Hindu deity)
9 (RLIN) 97051
942 ## - ADDED ENTRY ELEMENTS (KOHA)
Source of classification or shelving scheme Dewey Decimal Classification
Koha item type English Books
Classification part 230.34
Call number suffix KAN
Holdings
Withdrawn status Lost status Damaged status Not for loan Collection code Home library Current library Date acquired Source of acquisition Cost, normal purchase price Total Checkouts Full call number Barcode Date last seen Copy number Cost, replacement price Price effective from Koha item type
      Not For Loan Reference Central Library Central Library 06/10/2015 Cen Lib/Ret 0.00   230.34 KAN 612404 06/10/2015 1 0.00 06/10/2015 English Books

© Delhi Public Library
Hit Counter
free hit counter